|
|
|
|
| LEADER |
02429cas a2200313 a 4500 |
| 001 |
AALejournalIMF021646 |
| 008 |
230101c9999 xx r poo 0 0eng d |
| 020 |
|
|
|c 18.00 USD
|
| 020 |
|
|
|z 9781513573649
|
| 022 |
|
|
|a 1018-5941
|
| 040 |
|
|
|a BD-DhAAL
|c BD-DhAAL
|
| 100 |
1 |
|
|a Dynnikova, Oksana.
|
| 245 |
1 |
0 |
|a Regional Disparities and Fiscal Federalism in Russia /
|c Oksana Dynnikova, Annette Kyobe, Slavi Slavov.
|
| 264 |
|
1 |
|a Washington, D.C. :
|b International Monetary Fund,
|c 2021.
|
| 300 |
|
|
|a 1 online resource (42 pages)
|
| 490 |
1 |
|
|a IMF Working Papers
|
| 500 |
|
|
|a <strong>Off-Campus Access:</strong> No User ID or Password Required
|
| 500 |
|
|
|a <strong>On-Campus Access:</strong> No User ID or Password Required
|
| 506 |
|
|
|a Electronic access restricted to authorized BRAC University faculty, staff and students
|
| 520 |
3 |
|
|a This paper examines how regional disparities have evolved in Russia and how Russia's system of intergovernmental fiscal relations is managing these disparities. Regional disparities have fallen over the past two decades but remain relatively high. Socioeconomic outcomes remain worse in lagging regions despite faster growth and convergence in income levels. The twin shocks of COVID-19 and lower oil prices appear to have impacted richer regions disproportionately. Compared to other large countries with federal systems of government, Russia stands out with its high reliance on direct taxes as a revenue source for its regions. Transfers from the federal budget to the regions provide some redistribution by reducing the dispersion in real per capita fiscal spending, but also tend to be associated with lower growth. The Russian fiscal system offers degrees of redistribution and risk sharing of around 26 and 18 percent, respectively-with in-kind social transfers contributing the most. Finally, federal transfers in the aggregate tend to be procyclical and are also fairly unresponsive to shocks to regions' own revenues.
|
| 538 |
|
|
|a Mode of access: Internet
|
| 650 |
|
7 |
|a Aggregate Factor Income Distribution
|2 imf
|
| 650 |
|
7 |
|a Foreign Exchange
|2 imf
|
| 650 |
|
7 |
|a Informal Economy
|2 imf
|
| 650 |
|
7 |
|a Underground Econom
|2 imf
|
| 700 |
1 |
|
|a Kyobe, Annette.
|
| 700 |
1 |
|
|a Slavov, Slavi.
|
| 830 |
|
0 |
|a IMF Working Papers; Working Paper ;
|v No. 2021/144
|
| 856 |
4 |
0 |
|z Full text available on IMF
|u http://elibrary.imf.org/view/journals/001/2021/144/001.2021.issue-144-en.xml
|z IMF e-Library
|